Vista normal Vista MARC

Entrada Materia (tema)

Número de registros utilizados en: 1

001 - CONTROL NUMBER

  • control field: 103771

003 - CONTROL NUMBER IDENTIFIER

  • control field: Co-BoUCM

005 - DATE AND TIME OF LATEST TRANSACTION

  • control field: 20210603110403.0

008 - FIXED-LENGTH DATA ELEMENTS

  • fixed length control field: 210603|| aca||aabn | a|a d

040 ## - CATALOGING SOURCE

  • Original cataloging agency: Co-BoUCM
  • Transcribing agency: Co-BoUCM

150 ## - HEADING--TOPICAL TERM

  • Topical term or geographic name as entry element: Esmeraldas
  • General subdivision: Colonias
  • General subdivision: Historia
  • Geographic subdivision: España
  • Geographic subdivision: América

670 ## - SOURCE DATA FOUND

  • Source citation: Work cat.: (Co-BoUCM)318735: Lane, Kris E. 103049, Colour of paradise, 2010